Rock and Metal bands most streamed album - Statistics

General Stats
  • This quiz has been taken 63 times
  • The average score is 11 of 31
Answer Stats
Artist Album % Correct
Metallica Metallica
77%
Guns N' Roses Appetite for destruction
74%
Nirvana Nevermind
72%
Black Sabbath Paranoid
62%
Pink Floyd The Wall
58%
Alice in Chains Dirt
55%
Fleetwood Mac Rumours
55%
Pearl Jam Ten
53%
Radiohead Ok Computer
51%
Eagles Hotel California
47%
Led Zeppelin Led Zeppelin IV
42%
Ozzy Osbourne Blizzard of Oz
38%
Van Halen 1984
36%
Dire Straits Brothers in arms
36%
Derek and the Dominos Layla and other assorted love songs
34%
Boston Boston
32%
Soundgarden Superunknown
30%
Def Leppard Hysteria
26%
Meatloaf Bat out of Hell
25%
Foo fighters The colour and the shape
23%
Toto Toto IV
23%
Lynyrd Skynyrd Lynyrd Skynyrd
21%
Deep Purple Machine head
21%
Kiss Dynasty
19%
Journey Escape
15%
Creed Weathered
13%
America America
9%
Motley Crue The dirt soundtrack
8%
Creedence clearwaterrevival Willy and the poor boys
8%
AC/DC Iron Man 2
4%
Iron Maiden Ed Hunter
0%
No matching quizzes found
Score Distribution
Percent of People with Each Score
Percentile by Number Answered
Your Score History
You have not taken this quiz